| 000 | 01008nam a2200205Ia 4500 | ||
|---|---|---|---|
| 999 |
_c34721 _d34721 |
||
| 001 | 508 | ||
| 003 | GE_BSU | ||
| 005 | 20200206123953.0 | ||
| 008 | 181216s||||||||xx |||||||||||||| ||und|| | ||
| 040 | _cGE_BSU | ||
| 080 | _a611(075.8) | ||
| 100 |
_aხეცურიანი, რამაზ _9629 |
||
| 245 |
_aადამიანის ნორმალური ანატომია : _bამედ. უმაღლესი სკოლის სტუდენტებისათვის / _cრამაზ ხეცურიანი; სამეც. რედ. მედ. მეცნ. დოქტორი, პროფ. ასმათ შუკაკიძე. |
||
| 264 |
_aთბილისი. _c2006. |
||
| 300 |
_a337 გვ. : _bსურ.; _c21 სმ. |
||
| 653 | _aადამიანის ანატომია | ||
| 653 | _aმედიცინა | ||
| 700 |
_aშუკაკიძე, ასმათ _eრედაქტოირი _96834 |
||
| 942 |
_cBK _2udc |
||